Elucidário Madeirense (Registo nº 538)
[ vista simples ]
| 000 -Etiqueta do registo | |
|---|---|
| Cabeçalho | 00870nam0a22003011 4500 |
| 005 - Identificador da versão | |
| Campo de controlo | 20240813121805.0 |
| 021 ## - Número do Depósito Legal | |
| Código do país | PT |
| Número | 127475/98 |
| 035 ## - Other System Control Numbers | |
| System Control Number | 0000556 |
| System Control Number | 0000553 |
| System Control Number | 0000553 |
| System Control Number | 0000545 |
| 100 ## - Dados gerais de processamento | |
| Dados gerais de processamento | 20050502d m e0pory5003 ba |
| 102 ## - Pais de publicação ou produção | |
| País de publicação | Portugal |
| 101 0# - Língua de publicação | |
| Língua do texto, banda sonora, etc. | Português |
| Língua do documento no original | Português |
| 106 ## - Campo de dados codificados: material textual | |
| Dados codificados do material textual | r |
| 105 ## - Campo de dados codificados: livros | |
| Dados codificados dos livros | a z 001yy |
| 215 ## - Descrição física | |
| Indicação específica da natureza do documento e extensão da espécie | p. 431 |
| Dimensões | cm |
| 200 1# - Titulo e menção de responsabilidade | |
| Título próprio | Elucidário Madeirense |
| Informação de outro título | Fac-Simile da edição de 1940-46 |
| Primeira menção de responsabilidade | Padre Fernando Augusto da Silva |
| Outras menções de responsabilidade | Carlos Azevedo de Meneses |
| Indicação de volume | primeiro |
| 210 ## - Publicação, Distribuição, etc. | |
| Lugar da edição, distribuição, etc. | Funchal |
| Nome do editor, distribuidor, etc. | Direcção Regional dos Assuntos Culturais |
| Data da publicação, distribuição, etc. | 1998 |
| 300 ## - Notas gerais | |
| Texto da nota | Ed. fac-símile da ed. de 1940-1946 |
| 675 ## - Classificação Decimal Universal (CDU) | |
| Notação | 94(469.8)(038) |
| Edição | BN |
| Língua da edição | por |
| 700 #1 - Nome de autor-pessoa física (responsabilidade principal) | |
| Número de registo de entrada de autoridade | 0000637 |
| Palavra de ordem | Silva |
| Outra parte do nome não tomada para palavra de ordem | Padre Fernando Augusto da |
| 942 ## - Elementos de entrada adicionados (Koha) | |
| Tipo de item no Koha | Livro |
| Situação do levantamento | Origin of item (home branch) (coded) | Biblioteca de empréstimo | Código de barras | Cota | Circulation type (not for loan) | Tipo de documento | Nota do exemplar | Damaged status |
|---|---|---|---|---|---|---|---|---|
| Biblioteca Escolar Eng. Nuno Mergulhão | Biblioteca Escolar Eng. Nuno Mergulhão | BENM354 | 94 SIL | Cativo | Sem mensagem | |||
| Biblioteca Escolar Eng. Nuno Mergulhão | Biblioteca Escolar Eng. Nuno Mergulhão | BENM355 | 0ENC SIL | Cativo | Sem mensagem | |||
| Biblioteca Escolar Eng. Nuno Mergulhão | Biblioteca Escolar Eng. Nuno Mergulhão | BENM356 | 0ENC SIL | Cativo | Sem mensagem |
